00682nam a2200241 a 4500001001300000003000900013005001700022008004100039020001000080082001900090100002300109245002600132260003200158300000800190500003500198505003500233650001900268700002300287902000800310942000700318952010000325999001500425nice12345678IN_TiNIC20260116012947.0050524s1939 teha grp 000 0 urd  ac10000a297.12401bKAR aKareem, Mohd Fazal aSharah Nakhbatul Fikr aTehranbNo Publisher c1939 a40p aincludes index and biblioraphy2 aHebrew Grammar {New Testament} aHadith-Origins1 aKareem, Mohd Fazal bSRS cBK 00104070aHMIbHMId2007-08-07g100.00l0o297.12401 KARp10422r2007-08-07w2026-01-16yARB c9063d9063